| 000 | 00478nam a2200193Ia 4500 | ||
|---|---|---|---|
| 005 | 20250317043125.0 | ||
| 008 | 240331s9999 xx 000 0 und d | ||
| 082 |
_a301 _bSHA _24080 |
||
| 100 | _aShaw, M. E | ||
| 100 | _aCostanzo, P. R | ||
| 245 | 0 | _aTheories of Social Psychology | |
| 260 |
_aNew York, _bMcGraw-Hill Inc. _c1970 |
||
| 300 | _axi, 414 p., | ||
| 650 | _aReinforcement | ||
| 650 | _aPsychology | ||
| 650 | _aPsychoanalysis | ||
| 650 | _aSociety | ||
| 942 | _cL | ||
| 999 |
_c1036 _d1036 |
||